|
|
|
|
| LEADER |
00000cam a2200000 a 4500 |
| 001 |
vtls001065637 |
| 003 |
SK-MaSNL |
| 005 |
20260301110826.0 |
| 008 |
240513s1991 xo np 00000 fre |
| 015 |
|
|
|a SNBA1991/09
|
| 020 |
|
|
|a 8022502898
|
| 035 |
|
|
|a SNK000008467
|
| 035 |
|
|
|a urn:nbn:sk:snk-amlm6t
|
| 035 |
|
|
|a urn:nbn:sk:snk-am00byu9
|
| 035 |
|
|
|a E11B2B43-160C-428E-AF0B-A07F57556C82
|
| 040 |
|
|
|a SNK
|b slo
|c SNK
|e AACR2
|
| 041 |
0 |
|
|a fre
|
| 044 |
|
|
|a xo
|c SK
|
| 080 |
|
|
|a 804.0(075.8)
|2 1981
|
| 100 |
1 |
|
|a Pravdová, Marie,
|d 1942-
|4 aut
|9 200565
|
| 245 |
1 |
0 |
|a Základy francúzštiny pre ekonómov
|b audioorálny kurz
|c Marie Pravdová, Olga Velíšková
|
| 250 |
|
|
|a 1. vyd.
|
| 260 |
|
|
|a Bratislava
|b Vysoká škola ekonomická
|c 1991
|e Bratislava
|f Edičné stredisko VŠE
|
| 300 |
|
|
|a 118 s.
|c 29 cm
|
| 366 |
|
|
|e 400 výtl.
|
| 490 |
1 |
|
|a Vysokoškolské skriptá
|
| 650 |
0 |
7 |
|a francúzština
|2 SNKPH
|9 1355
|
| 650 |
0 |
7 |
|a ekonómia
|2 SNKPH
|9 788
|
| 655 |
|
7 |
|a učebnice vysokých škôl
|2 SNKPH
|9 70191
|
| 655 |
|
7 |
|a Textbooks (higher)
|2 SNKPHeng
|9 276436
|
| 700 |
1 |
|
|a Velíšková, Olga,
|d 1929-2024
|4 aut
|9 244404
|
| 830 |
|
0 |
|a Vysokoškolské skriptá
|9 276440
|
| 852 |
|
|
|a Slovenská národná knižnica
|
| 919 |
|
|
|a 80-225-0289-8
|
| 954 |
|
|
|a odborná, vedecká literatúra cudzojazyčná (svetová)
|2 lita
|
| 958 |
|
|
|a RM
|
| 958 |
|
|
|a UV
|
| 999 |
|
|
|c 704366
|d 706296
|
| 952 |
|
|
|t P60, <03>, [BOOK], {603}
|a SNK
|b SNK
|y PREZ
|7 0
|p 17A0299144
|o snkSB 48451
|i snkKSP 6464/91
|0 0
|1 0
|4 0
|d 2001-05-02
|f 1
|l 0
|r 2025-02-18 00:00:00
|w 2026-02-23
|